000 00224nam a22000857a 4500
008 170111b xxu||||| |||| 00| 0 eng d
100 _92308
_aBhatt. R. L
245 _aABC of Social Science-8
260 _aNew Delhi
_bHoly Faith
_c2006
999 _c5224
_d5224